000
00323 a2200109 4500
001
ART_27920
005
20260410161950.0
008
260409a
245
1
0
_a
Entre cálculo racional y comportamiento reglado
100
1
_a
Trapani, Daniel A.
773
0
_t
Invenio
_g
- Año 7, Nº 13 (nov. 2004)
_w
REV27781
999
_c
30327
_d
30327